<?xml version="1.0" encoding="UTF-8"?>
<collection xmlns="http://www.loc.gov/MARC21/slim">
 <record>
  <leader>01183naa a2200217 i 4500</leader>
  <controlfield tag="001">acta45718</controlfield>
  <controlfield tag="005">20230606133357.0</controlfield>
  <controlfield tag="008">170619s1973    hu      o     1||   hun d</controlfield>
  <datafield tag="040" ind1=" " ind2=" ">
   <subfield code="a">SZTE Egyetemi Kiadványok Repozitórium</subfield>
   <subfield code="b">hun</subfield>
  </datafield>
  <datafield tag="041" ind1=" " ind2=" ">
   <subfield code="a">hun</subfield>
  </datafield>
  <datafield tag="100" ind1="1" ind2=" ">
   <subfield code="a">Gaál Aladár</subfield>
  </datafield>
  <datafield tag="245" ind1="1" ind2="2">
   <subfield code="a">A kórházi adatfeldolgozás néhány matematikai, illetve számítógépes problémája</subfield>
   <subfield code="h">[elektronikus dokumentum] /</subfield>
   <subfield code="c"> Gaál Aladár</subfield>
  </datafield>
  <datafield tag="260" ind1=" " ind2=" ">
   <subfield code="c">1973</subfield>
  </datafield>
  <datafield tag="300" ind1=" " ind2=" ">
   <subfield code="a">257-266</subfield>
  </datafield>
  <datafield tag="490" ind1="0" ind2=" ">
   <subfield code="a">Számítástechnikai és kibernetikai módszerek alkalmazása az orvostudományban és a biológiában</subfield>
   <subfield code="v">3</subfield>
  </datafield>
  <datafield tag="650" ind1=" " ind2="4">
   <subfield code="a">Természettudományok</subfield>
  </datafield>
  <datafield tag="650" ind1=" " ind2="4">
   <subfield code="a">Matematika</subfield>
  </datafield>
  <datafield tag="650" ind1=" " ind2="4">
   <subfield code="a">Számítás- és információtudomány</subfield>
  </datafield>
  <datafield tag="695" ind1=" " ind2=" ">
   <subfield code="a">Számítógép alkalmazása - adatfeldolgozás, Informatika - orvosi, Számítógép alkalmazása - orvostudomány, Matematikai modell, Analízis - matematikai, Korreláció, Matematikai statisztika - számítógép alkalmazása</subfield>
  </datafield>
  <datafield tag="711" ind1=" " ind2=" ">
   <subfield code="a">Számítástechnikai és kibernetikai módszerek alkalmazása az orvostudományban és a biológiában</subfield>
   <subfield code="c">Szeged</subfield>
   <subfield code="d">1972. december 4-6.</subfield>
  </datafield>
  <datafield tag="856" ind1="4" ind2="0">
   <subfield code="u">http://acta.bibl.u-szeged.hu/45718/1/szamtech_orvost_koll_003_257-266.pdf</subfield>
   <subfield code="z">Dokumentum-elérés </subfield>
  </datafield>
 </record>
</collection>
